Countries with the Biggest Greenhouse Gas Emissions - Statistics

General Stats
  • This quiz has been taken 144 times
  • The average score is 17 of 20
Answer Stats
% of global emission Country % Correct
20.09 % China
100%
17.89 % United States
100%
1.34 % France
96%
2.56 % Germany
96%
7.53 % Russia
95%
1.55 % United Kingdom
95%
2.48 % Brazil
94%
1.95 % Canada
94%
4.10 % India
94%
1.70 % Mexico
94%
3.79 % Japan
92%
1.18 % Italy
89%
1.46 % Australia
87%
1.49 % Indonesia
84%
1.85 % South Korea
76%
1.06 % Poland
73%
1.46 % South Africa
71%
1.24 % Turkey
70%
1.30 % Iran
69%
1.04 % Ukraine
66%
No matching quizzes found
Score Distribution
Percent of People with Each Score
Percentile by Number Answered
Your Score History
You have not taken this quiz